Water quality in major land use systems of Western Ghats in Kottayam and Idukki districts of Kerala (Record no. 72297)

MARC details
000 -LEADER
fixed length control field 00566nam a2200217Ia 4500
100 ## - MAIN ENTRY--AUTHOR NAME
Personal name Prasannakumari P
245 #0 - TITLE STATEMENT
Title Water quality in major land use systems of Western Ghats in Kottayam and Idukki districts of Kerala
260 ## - PUBLICATION, DISTRIBUTION, ETC. (IMPRINT)
Name of publisher Rubber Science
Year of publication 2019
300 ## - PHYSICAL DESCRIPTION
Number of Pages 137-149
650 ## - SUBJECT ADDED ENTRY--TOPICAL TERM
Topical Term Cardamom
650 ## - SUBJECT ADDED ENTRY--TOPICAL TERM
Topical Term Land use
650 ## - SUBJECT ADDED ENTRY--TOPICAL TERM
Topical Term Rubber
650 ## - SUBJECT ADDED ENTRY--TOPICAL TERM
Topical Term Tea
650 ## - SUBJECT ADDED ENTRY--TOPICAL TERM
Topical Term Water quality
700 ## - ADDED ENTRY--PERSONAL NAME
Personal name Jacob J
700 ## - ADDED ENTRY--PERSONAL NAME
Personal name Jessy M.D
700 ## - ADDED ENTRY--PERSONAL NAME
Personal name Pradeep B
700 ## - ADDED ENTRY--PERSONAL NAME
Personal name Ulaganathan A
942 ## - ADDED ENTRY ELEMENTS (KOHA)
Koha item type Journals
Holdings
Withdrawn status Lost status Damaged status Not for loan Home library Current library Shelving location Date acquired Serial Enumeration / chronology Koha item type
      Journals RRII Library RRII Library Agronomy 17/12/2021 Volume 32, Issue 2 Journals